000 00300nam a2200145Ia 4500
100 _aSharma/P.C
942 _cBK
366 _f12.5
654 _aproduction
245 _aText Book Of Production Engineering
260 _bS.Chand & Co.
_c1982
300 _a983
546 _aENGLISH
999 _c21457
_d21457